000 00630nam a22002417a 4500
003 UA-OsUOA
001 31139
007 ta
008 20041203b un ||||| |||| 00| 0 ukr d
090 _a28
_bВ 11
942 _cBK
040 _aUA-OsUOA
_bukr
_cUA-OsUOA
_dUA-OsUOA
245 _aВ пошуках іденичності
_bДокументи східних католицьких церков
_cРед. Ю.Гбур
300 _a188 с.
955 _a0
041 _aukr
080 _a28
020 _a966-561-193-3
260 _aЛьівв
_bСвічадо
_c2000
044 _aUA
650 7 _2UDC
999 _c317560
_d317560